| 000 | 00792cam a2200277 i 4500 | ||
|---|---|---|---|
| 001 | 1306824 | ||
| 003 | OSt | ||
| 005 | 20140310182047.0 | ||
| 008 | 770825s1977 nyu 001 0 eng | ||
| 010 | _a 77151754 | ||
| 020 |
_a0393056341 : _c$9.95. _a0393056414 _c$4.95 |
||
| 040 |
_aDLC _cDLC _dDLC |
||
| 043 | _an-us--- | ||
| 050 | 0 | 0 |
_aE 840 _b.K61 1977 |
| 082 | 0 | 0 |
_aHS 273.73 _bK64 1977 |
| 100 | 1 |
_aKissinger, Henry _d1923- _911769 |
|
| 245 | 1 | 0 |
_aAmerican foreign policy / _cHenry A. Kissinger. |
| 250 | _a3d ed. | ||
| 260 |
_aNew York : _bNorton, _cc1977. |
||
| 300 |
_a445 p. : _c21 cm. |
||
| 500 | _aIncludes index. | ||
| 651 | 0 |
_aUnited States _xForeign relations _y1945-1989. _911770 |
|
| 906 |
_a7 _bcbc _corignew _d2 _encip _f19 _gy-gencatlg |
||
| 942 |
_2lcc _cHS |
||
| 999 |
_c8905 _d8905 |
||